000 00641cam a22002295a 4500
001 E153007
008 110523s2010 xxk f 000 0 eng d
035 _a(Sirsi) u153007
041 0 _aeng
050 0 4 _a920 $2 18
100 1 _aStapleton, Tim
245 0 0 _aKing Sturge
_b250 years in partnership
260 _a[London]
_bKing Sturge
_c[2010]
300 _a52p.
_bcol. ill.
_c30cm.
520 _aOutlines the history of King Sturge and discusses future plans.
590 _aKA
651 4 _aUnited Kingdom
_y
690 _aABOUT RICS-RICS MEMBERS
700 1 _aPerowne, Mark
_eEditor
700 1 _aGray, Paul
_eEditor
942 _n0
999 _c112319
_d112319